000
00360nam a2200133Ia 4500
008
151001s9999||||xx |||||||||||||| ||und||
100
_a
अनंत लोके
245
_a
पेईग गेस्ट
250
_a
1
260
_b
त्रिदल प्रकाशन मुंबई
260
_c
1983
300
_a
24
365
_b
18
999
_c
964786
_d
964783